Economics for business / (Record no. 205332)
[ view plain ]
| 000 -LEADER | |
|---|---|
| fixed length control field | 00722nam a2200229Ia 4500 |
| 005 - DATE AND TIME OF LATEST TRANSACTION | |
| control field | 20220216103025.0 |
| 008 - FIXED-LENGTH DATA ELEMENTS--GENERAL INFORMATION | |
| fixed length control field | 210716s2008 xx 000 0 und d |
| 020 ## - INTERNATIONAL STANDARD BOOK NUMBER | |
| International Standard Book Number | 9780230226463 |
| 040 ## - CATALOGING SOURCE | |
| Transcribing agency | AIMIT LIBRARY |
| 041 ## - LANGUAGE CODE | |
| Language code of text/sound track or separate title | eng |
| 082 ## - DEWEY DECIMAL CLASSIFICATION NUMBER | |
| Classification number | 658.001 |
| Edition number | 1 |
| Item number | MULC |
| 100 ## - MAIN ENTRY--PERSONAL NAME | |
| Personal name | Mulhearn, Chris. |
| 9 (RLIN) | 20109 |
| 245 ## - TITLE STATEMENT | |
| Title | Economics for business / |
| Statement of responsibility, etc. | By Chris Mulhearn, Howard R. Vane and James Eden. |
| 250 ## - EDITION STATEMENT | |
| Edition statement | 1st ed. |
| 260 ## - PUBLICATION, DISTRIBUTION, ETC. | |
| Place of publication, distribution, etc. | New York : |
| Name of publisher, distributor, etc. | Palgrave , |
| Date of publication, distribution, etc. | 2008 . |
| 300 ## - PHYSICAL DESCRIPTION | |
| Extent | xiii,417p. ; |
| Dimensions | 24 cm. |
| 650 ## - SUBJECT ADDED ENTRY--TOPICAL TERM | |
| Topical term or geographic name entry element | Market Concentration and Power. |
| 9 (RLIN) | 20110 |
| 650 ## - SUBJECT ADDED ENTRY--TOPICAL TERM | |
| Topical term or geographic name entry element | Investment Policy and Appraisal. |
| 9 (RLIN) | 20111 |
| 700 ## - ADDED ENTRY--PERSONAL NAME | |
| Personal name | Vane, Howard R. |
| 9 (RLIN) | 20112 |
| 700 ## - ADDED ENTRY--PERSONAL NAME | |
| Personal name | Eden, James. |
| 9 (RLIN) | 20113 |
| 942 ## - ADDED ENTRY ELEMENTS (KOHA) | |
| Source of classification or shelving scheme | Dewey Decimal Classification |
| Koha item type | Book |
| Edition | 1st |
| Call number prefix | 658.001 MULC |
| Withdrawn status | Lost status | Source of classification or shelving scheme | Damaged status | Not for loan | Collection code | Home library | Current library | Date acquired | Inventory number | Total Checkouts | Full call number | Barcode | Date last seen | Price effective from | Koha item type | Cost, normal purchase price | Cost, replacement price |
|---|---|---|---|---|---|---|---|---|---|---|---|---|---|---|---|---|---|
| Dewey Decimal Classification | MBA | St Aloysius Institute of Management & Information Technology | St Aloysius Institute of Management & Information Technology | 05/31/2010 | Bill no:25; Bill dt:2010-04-30 | 658.001 MULC | MBA07898 | 05/23/2026 | 07/16/2021 | Book | |||||||
| Dewey Decimal Classification | MBA | St Aloysius Institute of Management & Information Technology | St Aloysius Institute of Management & Information Technology | 12/15/2010 | Bill no:ABK 507; Bill dt:2010-09 | 658.001 MULC | MBA08522 | 05/23/2026 | 07/16/2021 | Book | 693.13 | 519.85 |